A guide to European economic and real estate markets (Record no. 107309)
[ view plain ]
| 000 -LEADER | |
|---|---|
| fixed length control field | 01253cad a22002175a 4500 |
| 001 - CONTROL NUMBER | |
| control field | L139515 |
| 008 - FIXED-LENGTH DATA ELEMENTS--GENERAL INFORMATION | |
| fixed length control field | 070730s2007 xxkd f 000 0 eng d |
| 035 ## - SYSTEM CONTROL NUMBER | |
| System control number | (Sirsi) u139515 |
| 041 0# - LANGUAGE CODE | |
| Language code of text/sound track or separate title | eng |
| 050 04 - LIBRARY OF CONGRESS CALL NUMBER | |
| Classification number | 333.33 $2 18 |
| 110 2# - MAIN ENTRY--CORPORATE NAME | |
| Corporate name or jurisdiction name as entry element | Nelson Bakewell |
| 9 (RLIN) | 2525 |
| 245 02 - TITLE STATEMENT | |
| Title | A guide to European economic and real estate markets |
| Medium | [electronic resource] |
| 260 ## - PUBLICATION, DISTRIBUTION, ETC. | |
| Place of publication, distribution, etc. | [S.l.] |
| Name of publisher, distributor, etc. | Nelson Bakewell |
| Date of publication, distribution, etc. | 2007 |
| 490 #0 - SERIES STATEMENT | |
| Series statement | Nelson Bakewell European Economic and Real Estate Digest |
| 520 ## - SUMMARY, ETC. | |
| Summary, etc. | Provides an overview of the economies and real estate markets of 42 European countries and includes details of major national and regional infrastructure projects that are likely to impact on the demand for real estate. Reveals that real estate performance in Europe is buoyant, although there are distinct cold and hot spots. For example, over the last five years real estate returns in the UK averaged 12.9%, compared to only 3% in Germany. Predicts continued growth for Europe's office, retail and industrial markets over the next few years. |
| 590 ## - LOCAL NOTE (RLIN) | |
| Local note | KA |
| 651 #4 - SUBJECT ADDED ENTRY--GEOGRAPHIC NAME | |
| Geographic name | Europe |
| 690 ## - LOCAL SUBJECT ADDED ENTRY--TOPICAL TERM (OCLC, RLIN) | |
| Topical term or geographic name as entry element | PROPERTY-COMMERCIAL PROPERTY-COMMERCIAL PROPERTY MARKET |
| 856 40 - ELECTRONIC LOCATION AND ACCESS | |
| Uniform Resource Identifier | <a href="www.nelson-bakewell.com">www.nelson-bakewell.com</a> |
| Public note | View the item free of charge at www.nelson-bakewell.com... |
| 942 ## - ADDED ENTRY ELEMENTS (KOHA) | |
| Suppress in OPAC | 0 |
| Withdrawn status | Lost status | Source of classification or shelving scheme | Damaged status | Not for loan | Home library | Current library | Shelving location | Date acquired | Total Checkouts | Full call number | Barcode | Date last seen | Copy number | Price effective from | Koha item type |
|---|---|---|---|---|---|---|---|---|---|---|---|---|---|---|---|
| Dewey Decimal Classification | Virtual | Virtual | Online | 30/07/2007 | ONLINE PUBLICATION | 139515-2001 | 06/08/2019 | 1 | 06/08/2019 | Book |